Management Information Systems (Record no. 366054)

MARC details
000 -LEADER
fixed length control field 00332nam a22001337a 4500
005 - DATE AND TIME OF LATEST TRANSACTION
control field 20250521121358.0
008 - FIXED-LENGTH DATA ELEMENTS--GENERAL INFORMATION
fixed length control field 250429b |||||||| |||| 00| 0 eng d
020 ## - INTERNATIONAL STANDARD BOOK NUMBER
International Standard Book Number 8189411896
100 ## - MAIN ENTRY--PERSONAL NAME
Author Bagad, V.
245 ## - TITLE STATEMENT
Title Management Information Systems
260 ## - PUBLICATION, DISTRIBUTION, ETC.
Place of publication, distribution, etc. Pune
Name of publisher, distributor, etc. Technical Publications
Date of publication, distribution, etc. 2006
300 ## - PHYSICAL DESCRIPTION
Extent 318pp.
942 ## - ADDED ENTRY ELEMENTS (KOHA)
Koha item type Books

No items available.